000 00875nam a22001337a 4500
040 _cRUA
082 _aVEM TOE 2014 B434 Or.1
100 _aTOENG SOPHEN; ទឹម សុភីន
245 _aStudy on cholera of hybrid meat chicken and their antibodies by using HA and HI-Test at chealea village, chea lea commune, batheay district, kampong cham province; សិក្សាលើជំងឺអាសន្នរោគរបស់មាន់សាច់កូនកាត់ និងអងើទីគ័ររបស់វាតាមរយ: HA និង HI-Test នៅភូមិជាលា ឃុំជាលា ស្រុកបាធាយ ខេត្តកំពង់ចាម
260 _aPhnom Penh
_bRUA
_c2014
300 _ax;37p.
_bill.
_c29cm.
856 _uhttps://drive.google.com/file/d/1e_To_yCTLMNdCSDfpCtx3TC0YbgAL_NM/view?usp=sharing
942 _cVEM
999 _c7068
_d7068